000 00459nam a2200181Ia 4500
001 17578
005 20260306171527.0
008 260306s9999||||xx |||||||||||||| ||und||
041 _aESP
082 _a658.049
_bF27
100 _aFatehi, Kamal
_eAUT
245 0 _aManaging internationally:
_bSucceding in a culturally diverse world
260 _c2008
300 _a707 páginas :
_c26 cm.
650 _aGEN
654 _aCAN
942 _cLIB
_dJUS
_fJUS
_2ddc
_n
999 _c17578
_d17578